Normal view
MARC view
Entry Personal Name
001 - CONTROL NUMBER
- control field: 1292
003 - CONTROL NUMBER IDENTIFIER
- control field: OSt
005 - DATE AND TIME OF LATEST TRANSACTION
- control field: 20140922155710.0
008 - FIXED-LENGTH DATA ELEMENTS
- fixed length control field: 140922|| aca||aabn | a|a d
040 ## - CATALOGING SOURCE
- Original cataloging agency: OSt
- Transcribing agency: OSt
100 ## - HEADING--PERSONAL NAME
- Personal name: Larsen, William J.
- Fuller form of name: (William James)
670 ## - SOURCE DATA FOUND
- Source citation: Work cat.: (OSt)488: Larsen, William J. (William James), Essentials of human embryology /, 1998.
